[Event "Ch Europe (juniors) (under 16)"]
[Site "masterchessopen.com - Litohoto (Greece)"]
[Round "8"]
[White "Kruck Daniel (GER)"]
[Black "Zawadzki Stanislaw (POL)"]
[Result "0-1"]
[WhiteElo "2243"]
[BlackElo "2192"]

1.d4 Nf6 2.c4 c5 3.d5 d6 4.Nc3 g6 5.g3 Bg7 6.Bg2 O-O 7.Nf3 e6 8.O-O exd5
9.cxd5 a6 10.a4 Nbd7 11.Nd2 Re8 12.Re1 Rb8 13.Nc4 Nb6 14.Na3 Bd7 15.a5 Nc8
16.Nc4 Bb5 17.Qb3 Bxc4 18.Qxc4 Nd7 19.Na4 Qxa5 20.Bf4 b5 21.Nxc5 Qxe1+ 22.Rxe1
bxc4 23.Nxd7 Rxb2 24.Bh3 c3 25.Bg5 c2 26.Kf1 Rb1 27.f3 Bc3 28.Rc1 Bb2 29.Re1
Kg7 {#R} 0-1

[Event "Tournament"]
[Site "masterchessopen.com - Mexico"]
[Round "9"]
[White "Ambrosio Gallardo Felix (MEX)"]
[Black "Gonzalez Roberto (MEX)"]
[Result "0-1"]
[WhiteElo "2051"]
[BlackElo "2186"]

1.d4 Nf6 2.c4 c5 3.d5 e6 4.Nc3 exd5 5.cxd5 g6 6.g3 Bg7 7.Bg2 O-O 8.Nf3 d6
9.O-O Re8 10.Nd2 a6 11.a4 Nbd7 12.Nc4 Nb6 13.Qb3 Nxc4 14.Qxc4 b5 15.Qh4 b4
16.Ne4 Bf5 17.Nxf6+ Qxf6 18.Qxf6 Bxf6 19.Re1 Bc2 20.Bf4 Rad8 21.e4 Bxb2 22.Ra2
Bc3 23.Re3 Bb3 24.Rae2 Bxa4 25.Ra2 Bb5 26.Bf1 b3 27.Rxc3 bxa2 28.Ra3 Rxe4
29.Bxb5 Re1+ 30.Kg2 a1=Q 31.Rxa1 Rxa1 32.Bg5 axb5 33.Bxd8 b4 34.Bc7 b3 35.Bxd6
b2 {#R} 0-1

[Event "Ch Moscow"]
[Site "masterchessopen.com - Moscow (Russia)"]
[Round "5"]
[White "Kremenietsky Anatoly M (RUS)"]
[Black "Notkin Maksim (RUS)"]
[Result "0-1"]
[WhiteElo "2392"]
[BlackElo "2478"]

1.d4 Nf6 2.c4 c5 3.d5 e6 4.Nc3 exd5 5.cxd5 d6 6.Nf3 g6 7.g3 Bg7 8.Bg2 O-O
9.O-O Re8 10.Nd2 a6 11.a4 Nbd7 12.h3 Rb8 13.Nc4 Ne5 14.Na3 Nh5 15.Kh2 Bd7
16.f4 b5 17.Ne4 b4 18.fxe5 bxa3 19.Bg5 Qb6 20.Nf6+ Nxf6 21.exf6 axb2 22.Rb1
Bf8 23.e4 c4 24.Qd2 Rec8 25.Rf3 Bxa4 26.Rc3 a5 27.Bf1 Bd7 28.Be3 Qb4 29.Bh6
Qxc3 30.Qxc3 Bxh6 31.Bxc4 Rb4 32.Kg2 Rbxc4 33.Qxa5 Rc2+ {#R} 0-1

[Event "It (open)"]
[Site "masterchessopen.com - Saint Vincent (Italy)"]
[Round "2"]
[White "Lacrosse Marc (BEL)"]
[Black "Sadvakasov Darmen (KAZ)"]
[Result "0-1"]
[WhiteElo "2218"]
[BlackElo "2468"]

1.d4 Nf6 2.c4 e6 3.Nf3 c5 4.d5 exd5 5.cxd5 d6 6.Nc3 g6 7.g3 Bg7 8.Bg2 O-O
9.O-O Re8 10.Nd2 a6 11.a4 Nbd7 12.h3 Rb8 13.Nc4 Ne5 14.Na3 Nh5 15.e4 f5
16.exf5 Bxf5 17.g4 Bxg4 18.hxg4 Qh4 19.gxh5 Rf8 20.h6 Bh8 21.Nc4 Ng4 22.Qxg4
Qxg4 23.Nxd6 Be5 24.Nde4 Rf3 25.Be3 b5 26.axb5 axb5 27.Nxc5 Rh3 28.Rfe1 Rh2
{#R} 0-1

[Event "Ch USA (w)"]
[Site "masterchessopen.com - Salt Lake City (USA)"]
[Round "9"]
[White "Khan Anna (USA)"]
[Black "Shahade Jennifer (USA)"]
[Result "0-1"]
[WhiteElo "2295"]
[BlackElo "2290"]

1.d4 Nf6 2.c4 g6 3.g3 Bg7 4.Bg2 c5 5.d5 d6 6.Nc3 O-O 7.Nf3 e6 8.O-O exd5
9.cxd5 Re8 10.Nd2 a6 11.a4 Nbd7 12.a5 b5 13.axb6 Nxb6 14.Nb3 Bd7 15.Na5 Qc7
16.Re1 Ng4 17.Bf4 Ne5 18.Qc2 Nbc4 19.Nxc4 Nxc4 20.Ne4 Ne5 21.Ra2 Bb5 22.Rea1
Rab8 23.Bd2 Bc4 24.f4 Bxa2 25.fxe5 Bxd5 26.exd6 Qc6 27.d7 Qxd7 28.Nc3 Bxg2
29.Kxg2 Qb7+ {#R} 0-1

[Event "Ch Asturia (team) 1999/00"]
[Site "masterchessopen.com - Spain"]
[Round "5"]
[White "Perez Diaz Manuel Amador (ESP)"]
[Black "Vigil Vigil Juan (ESP)"]
[Result "0-1"]
[WhiteElo "1970"]
[BlackElo "2187"]

1.d4 Nf6 2.c4 e6 3.Nc3 c5 4.d5 exd5 5.cxd5 d6 6.g3 g6 7.Bg2 Bg7 8.Nf3 O-O
9.O-O Re8 10.Nd2 a6 11.a4 Nbd7 12.a5 b5 13.axb6 Nxb6 14.Nb3 Nc4 15.Qc2 Rb8
16.Nb1 Rb4 17.N1d2 Bf5 18.e4 Nxd2 19.Nxd2 Nxe4 20.Nxe4 Bxe4 21.Bxe4 Rbxe4
22.Rxa6 Bd4 23.Bf4 Rxf4 24.gxf4 Qc8 25.Ra3 Qg4+ 26.Rg3 Qxf4 27.b3 Re5 28.Qa2
Qh4 29.Rg2 Qf4 30.Kh1 Qf3 31.b4 cxb4 32.Kg1 b3 33.Qa8+ Kg7 34.Qd8 Qxd5 35.Rg3
b2 36.Qb8 Re2 37.Qb3 Qf5 {#R} 0-1

[Event "Ch Poland (team) (juniors) (under 20)"]
[Site "masterchessopen.com - Straszetin (Poland)"]
[Round "0"]
[White "Lopusiewicz Piotr (POL)"]
[Black "Adamowski Jan (POL)"]
[Result "1-0"]
[WhiteElo "2179"]
[BlackElo "2065"]

1.d4 c5 2.d5 e6 3.c4 Nf6 4.Nc3 exd5 5.cxd5 d6 6.g3 g6 7.Bg2 Bg7 8.Nf3 O-O
9.O-O Re8 10.Nd2 Nbd7 11.a4 a6 12.Nc4 Nb6 13.Na3 Bd7 14.h3 Qc7 15.e4 Rab8
16.Re1 Nc8 17.Nc4 b5 18.Nxd6 Qxd6 19.e5 Qb6 20.exf6 Rxe1+ 21.Qxe1 Bxf6 22.Bf4
Ra8 23.d6 Rb8 24.Nd5 Qd8 25.Be5 Bg7 26.Ne7+ Kf8 27.Qc3 Bh6 28.Bf4 {#r} 1-0

[Event "Ch Hungary (team) 1998/99 (3 liga)"]
[Site "masterchessopen.com - Hungary"]
[Date "1999.04.11"]
[Round "10"]
[White "Papagorasz Takisz (HUN)"]
[Black "Horeczky Tibor (HUN)"]
[Result "0-1"]
[WhiteElo "2228"]
[BlackElo "2188"]

1.d4 Nf6 2.c4 g6 3.Nc3 Bg7 4.g3 O-O 5.Bg2 d6 6.Nf3 c5 7.d5 a6 8.O-O e6 9.a4
exd5 10.cxd5 Re8 11.Nd2 Nbd7 12.h3 Nh5 13.Nde4 Qe7 14.g4 Nhf6 15.Ng3 Ne5 16.g5
Nfd7 17.e4 c4 18.Be3 Nd3 19.Qc2 N7c5 20.Ra3 Rb8 21.a5 b5 22.axb6 Rxb6 23.Na4
Nxa4 24.Rxa4 Rxb2 25.Qxc4 Bd7 26.Ra5 Bb5 27.Rxb5 Ne5 28.Qc1 Rxb5 29.Rd1 Qb7
30.Bd4 Rc8 31.Qf4 Rb1 32.Rxb1 Qxb1+ 33.Kh2 Qd1 34.Be3 a5 35.h4 a4 36.Bf1 Qg4
37.Bh3 Qxf4 38.Bxf4 Nf3+ 39.Kg2 Nxh4+ 40.Kf1 Ra8 41.Bxd6 a3 {#R} 0-1

[Event "It (open)"]
[Site "masterchessopen.com - Biel (Switzerland)"]
[Round "2"]
[White "Riazantsev Alexander (RUS)"]
[Black "Cebalo Miso (CRO)"]
[Result "0-1"]
[WhiteElo "2418"]
[BlackElo "2520"]

1.d4 Nf6 2.c4 e6 3.Nf3 c5 4.d5 exd5 5.cxd5 d6 6.Nc3 g6 7.g3 Bg7 8.Bg2 O-O
9.O-O a6 10.a4 Nbd7 11.Nd2 Re8 12.Nc4 Nb6 13.Na3 Bd7 14.Bd2 Nxa4 15.Nxa4 b5
16.Nc3 b4 17.Nc4 bxc3 18.Bxc3 Bb5 19.b3 Bxc4 20.bxc4 Nd7 21.Bxg7 Kxg7 22.Qc2
a5 23.Rfb1 Qf6 24.Ra3 Rab8 25.Rb5 Rxb5 26.cxb5 Ra8 27.Qa2 Qd4 28.Rd3 Qb4
29.Rb3 Qe1+ 30.Bf1 c4 31.Qb2+ Kg8 32.Ra3 Rc8 33.e3 c3 34.Qc2 Nb6 35.Rxa5 Nc4
{#R} 0-1

[Event "It (b)"]
[Site "masterchessopen.com - Budapest (Hungary)"]
[Round "4"]
[White "Farago Sandor (HUN)"]
[Black "Cooke Eric (USA)"]
[Result "1-0"]
[WhiteElo "2292"]
[BlackElo "2275"]

1.d4 Nf6 2.c4 g6 3.Nf3 Bg7 4.g3 c5 5.d5 d6 6.Nc3 e6 7.Bg2 exd5 8.cxd5 O-O
9.O-O a6 10.a4 Nbd7 11.Nd2 Re8 12.h3 Rb8 13.Rb1 b5 14.axb5 axb5 15.b4 c4
16.Bb2 Nh5 17.Kh2 f5 18.Nf3 Qb6 19.Ng5 Nf8 20.Qc2 Bd7 21.Rbd1 Nf6 22.e3 Rbc8
23.Nf3 Ra8 24.Nd4 Ra7 25.Rd2 Kh8 26.Rfd1 Ra6 27.Re2 Ra7 28.Qd2 Ra6 29.f3 Ra7
30.e4 fxe4 31.fxe4 Nh5 32.Nf3 Bc8 33.g4 Nf6 34.Nd4 Bd7 35.Bf3 Ng8 36.Kg2 Nh6
37.Nc6 Bxc6 38.dxc6 Nf7 39.Nd5 Qxc6 40.Bxg7+ Kxg7 41.Qd4+ {#r} 1-0

[Event "Memorial Najdorf (KO system)"]
[Site "masterchessopen.com - Buenos Aires (Argentina)"]
[Round "2"]
[White "Soppe Guillermo (ARG)"]
[Black "Rosito Jorge (ARG)"]
[Result "1-0"]
[WhiteElo "2471"]
[BlackElo "2354"]

1.Nf3 Nf6 2.d4 e6 3.c4 c5 4.d5 d6 5.Nc3 exd5 6.cxd5 g6 7.g3 Bg7 8.Bg2 O-O
9.O-O Re8 10.Nd2 a6 11.a4 Nbd7 12.Ra2 Rb8 13.a5 b5 14.axb6 Nxb6 15.b3 Qc7
16.Bb2 c4 17.Ba1 Bb7 18.bxc4 Nxc4 19.Nce4 Nxd2 20.Nxf6+ Bxf6 21.Qxd2 Bxa1
22.Rfxa1 Rbc8 23.Rb1 Re7 24.Rab2 Ba8 25.Rb6 Qc5 26.Rxa6 Qc4 27.Qa2 Qxa2
28.Rxa2 Rec7 29.f4 Kg7 30.Rb6 Rd8 31.Raa6 Rcd7 32.Kf2 Bb7 33.Ra7 Bc8 34.Ra8 f5
35.e4 Kf6 36.e5+ Ke7 37.e6 Rc7 38.Rb2 h6 39.Bf3 Rb7 40.Rc2 {#r} 1-0

[Event "Cup Mitropa"]
[Site "masterchessopen.com - Charleville (France)"]
[Round "2"]
[White "Cvitan Ognjen (CRO)"]
[Black "Cvek Robert (CZE)"]
[Result "1-0"]
[WhiteElo "2541"]
[BlackElo "2408"]

1.c4 Nf6 2.d4 e6 3.g3 c5 4.d5 exd5 5.cxd5 d6 6.Bg2 g6 7.Nc3 Bg7 8.Nf3 O-O
9.O-O Re8 10.Nd2 a6 11.a4 Nbd7 12.Ra2 Ne5 13.h3 Nh5 14.Kh2 f5 15.f4 Nf7 16.Nc4
b6 17.Qb3 Rb8 18.Na5 Qc7 19.Nc6 Ra8 20.e4 Bd7 21.exf5 gxf5 22.Bd2 Kh8 23.Raa1
Rg8 24.Rf3 Bf6 25.Re3 Rg6 26.Ne2 Rgg8 27.Bf3 Ng7 28.Bc3 Bxc3 29.Nxc3 Rge8
30.Rae1 Rxe3 31.Rxe3 Re8 32.Nd1 Nd8 33.Ne7 Bxa4 34.Qxa4 Rxe7 35.Qxa6 Qb7
36.Qb5 h5 37.Qe2 Rxe3 38.Nxe3 h4 39.g4 fxg4 40.hxg4 Qf7 41.Ng2 Qf6 42.Qe1 Nb7
43.g5 Qxb2 44.Qe7 Qd4 {#r} 1-0

[Event "It (open)"]
[Site "masterchessopen.com - Fribourg (Switzerland)"]
[Round "7"]
[White "Seres Lajos (HUN)"]
[Black "Gheorghiu Florin (ROM)"]
[Result "0-1"]
[WhiteElo "2444"]
[BlackElo "2461"]

1.d4 Nf6 2.c4 c5 3.d5 g6 4.Nc3 d6 5.g3 e6 6.Bg2 exd5 7.cxd5 Bg7 8.Nf3 O-O
9.O-O a6 10.a4 Re8 11.Nd2 Nbd7 12.h3 Rb8 13.Nc4 Nb6 14.Na3 Bd7 15.Bf4 Nh5
16.Bd2 Nxa4 17.Nxa4 b5 18.Nc3 b4 19.Nc2 bxc3 20.bxc3 Nf6 21.c4 Ne4 22.Rxa6 Qc8
23.Ra2 Bxh3 24.Be1 Ng5 25.f3 Bxg2 26.Kxg2 Qh3+ 27.Kg1 Rb3 28.e3 Bc3 29.Qe2
Bxe1 30.Qxe1 Reb8 31.Qf2 Rb2 32.Rxb2 Rxb2 33.e4 f5 34.Re1 Rxc2 {#R} 0-1

[Event "Ch Belgium (b)"]
[Site "masterchessopen.com - Gent (Belgium)"]
[Round "4"]
[White "Lacrosse Marc (BEL)"]
[Black "Piceu Tom (BEL)"]
[Result "1-0"]
[WhiteElo "2298"]
[BlackElo "2179"]

1.d4 Nf6 2.c4 c5 3.d5 e6 4.Nc3 exd5 5.cxd5 d6 6.Nf3 g6 7.g3 Bg7 8.Bg2 O-O
9.O-O Nbd7 10.Nd2 a6 11.a4 Re8 12.h3 Rb8 13.Nc4 Ne5 14.Na3 Nh5 15.e4 Rf8
16.Kh2 f5 17.f4 b5 18.axb5 axb5 19.Naxb5 Bd7 20.Qe2 fxe4 21.Bxe4 Qb6 22.Na3
Rbe8 23.Qg2 c4 24.Bd2 Qb8 25.Rab1 Qc8 26.Rbe1 Nd3 27.Bxd3 cxd3 28.Rxe8 Rxe8
29.Re1 Rxe1 30.Bxe1 Bf5 31.Bd2 Nf6 32.Nab5 Qc5 33.Qf3 Bd7 34.Na3 Qb4 35.Qxd3
Qxb2 36.Nc4 Qa1 37.Qb1 Qxb1 38.Nxb1 Nxd5 39.Nxd6 Bf8 40.Nc4 Bc6 {#r} 1-0

[Event "It (open)"]
[Site "masterchessopen.com - Gent (Belgium)"]
[Round "0"]
[White "Lacrosse Marc (BEL)"]
[Black "Piceu Tom (BEL)"]
[Result "1-0"]
[WhiteElo "2298"]
[BlackElo "2179"]

1.d4 Nf6 2.c4 c5 3.d5 e6 4.Nc3 exd5 5.cxd5 d6 6.Nf3 g6 7.g3 Bg7 8.Bg2 O-O
9.O-O Nbd7 10.Nd2 a6 11.a4 Re8 12.h3 Rb8 13.Nc4 Ne5 14.Na3 Nh5 15.e4 Rf8
16.Kh2 f5 17.f4 b5 18.axb5 axb5 19.Naxb5 Bd7 20.Qe2 fxe4 21.Bxe4 Qb6 22.Na3
Rbe8 23.Qg2 c4 24.Bd2 Qb8 25.g4 Nf6 26.fxe5 Nxe4 27.Nxe4 Bxe5+ 28.Kh1 Bxb2
29.Rxf8+ Rxf8 30.Rb1 Qb3 31.Bc3 {#r} 1-0

[Event "Ch MV "]
[Site "masterchessopen.com - Germany"]
[Round "5"]
[White "Herrmann Carsten (GER)"]
[Black "Hueneburg Christian (GER)"]
[Result "0-1"]
[WhiteElo "2078"]
[BlackElo "2263"]

1.d4 Nf6 2.c4 c5 3.d5 e6 4.Nc3 exd5 5.cxd5 d6 6.Nf3 a6 7.a4 g6 8.g3 Bg7 9.Bg2
O-O 10.O-O Re8 11.Nd2 Nbd7 12.a5 b5 13.axb6 Nxb6 14.Nb3 Qc7 15.e4 Bd7 16.Re1
c4 17.Na5 Ng4 18.Bf1 h5 19.Bf4 Ne5 20.Bxe5 Bxe5 21.f4 Bg7 22.f5 Bb5 23.Qf3 Nd7
24.fxg6 fxg6 25.Nc6 Bxc6 26.dxc6 Ne5 27.Qg2 Qxc6 {#R} 0-1

[Event "Ch Israel (team)"]
[Site "masterchessopen.com - Israel"]
[Round "1"]
[White "Mikhalevski Victor (ISR)"]
[Black "Ribshtein Nati (ISR)"]
[Result "1-0"]
[WhiteElo "2532"]
[BlackElo "2317"]

1.d4 Nf6 2.c4 c5 3.d5 e6 4.Nc3 exd5 5.cxd5 d6 6.Nf3 g6 7.g3 Bg7 8.Bg2 O-O
9.O-O a6 10.a4 Nbd7 11.Nd2 Re8 12.h3 Rb8 13.Nc4 Nb6 14.Na3 Bd7 15.a5 Nc8
16.Nc4 Bb5 17.Qb3 Bxc4 18.Qxc4 Nd7 19.Qd3 Qc7 20.Qc2 Na7 21.Ra2 b5 22.axb6
Qxb6 23.Ne4 Nb5 24.e3 Qb7 25.Nd2 Nb6 26.Nb3 Ra8 27.Bd2 Qc8 28.Ba5 Nd7 29.Nd2
Ne5 30.Kh2 Qb7 31.f4 Nd7 32.Nc4 f5 33.g4 fxg4 34.hxg4 Nf6 35.Bf3 Qf7 36.Qg2
Nd7 37.g5 Rxe3 38.Bg4 Rae8 39.Nxe3 {#r} 1-0

[Event "It (open)"]
[Site "masterchessopen.com - Lisbon (Portugal)"]
[Round "6"]
[White "Carneiro Carlos (POR)"]
[Black "Neto Horacio (POR)"]
[Result "0-1"]
[WhiteElo "2177"]
[BlackElo "2157"]

1.d4 Nf6 2.c4 e6 3.Nf3 c5 4.d5 exd5 5.cxd5 d6 6.Nc3 g6 7.g3 Bg7 8.Bg2 O-O
9.O-O a6 10.a4 Re8 11.Nd2 Nbd7 12.h3 Rb8 13.Nc4 Nb6 14.Na3 Bd7 15.a5 Nc8
16.Nc4 Bb5 17.Qb3 b6 18.axb6 Bxc4 19.Qxc4 Nxb6 20.Qh4 Nc8 21.Rxa6 Rb4 22.e4
Nb6 23.Ra2 Qb8 24.f4 Nc4 25.f5 Nh5 26.f6 Nxf6 27.Rxf6 Nxb2 28.Bh6 Bh8 29.Rf3
Nc4 30.Qf4 Ne5 31.Rf1 Rb3 32.Nd1 c4 33.Ne3 Qc7 34.Kh1 Reb8 35.Ng4 Nxg4 36.Qxg4
Be5 37.Bf4 h5 38.Qe2 Rb2 39.Rxb2 Rxb2 {#R} 0-1

[Event "Tournament"]
[Site "masterchessopen.com - Mercenarios (Mexico)"]
[Round "2"]
[White "Padilla Liceaga Jorge (MEX)"]
[Black "Gonzalez Roberto (MEX)"]
[Result "1-0"]
[WhiteElo "2164"]
[BlackElo "2250"]

1.d4 Nf6 2.c4 e6 3.g3 c5 4.d5 exd5 5.cxd5 g6 6.Nc3 d6 7.Nf3 Bg7 8.Bg2 O-O
9.O-O a6 10.a4 Re8 11.Nd2 Nbd7 12.Nc4 Nb6 13.Na3 Rb8 14.a5 Na8 15.Nc4 b5
16.axb6 Nxb6 17.Na5 Qc7 18.Nc6 Ra8 19.Re1 Bg4 20.h3 Bd7 21.e4 Qc8 22.Kh2 Nc4
23.f4 h5 24.Qb3 Bxc6 25.dxc6 d5 26.Nxd5 Nxd5 27.Qxc4 Nb4 28.e5 Bf8 29.Bd2 Nxc6
30.Bd5 Ra7 31.Qe4 Ne7 32.Bc4 Rd8 33.Bc3 Bg7 34.Qe2 Nd5 35.Ba5 h4 36.Bxd8 hxg3+
37.Kxg3 Nxf4 38.Kxf4 Qxd8 39.Kg3 Qg5+ 40.Qg4 Bxe5+ 41.Kg2 Qf6 42.Rf1 Qb6
43.Rae1 Bd4 44.Qh4 Qxb2+ 45.Re2 Qc3 46.Re8+ {#r} 1-0

[Event "Ch Great Britain"]
[Site "masterchessopen.com - Millfield (England)"]
[Round "1"]
[White "Kemp Peter (ENG)"]
[Black "Ward Christopher (ENG)"]
[Result "0-1"]
[WhiteElo "2208"]
[BlackElo "2508"]

1.d4 Nf6 2.c4 e6 3.g3 c5 4.d5 exd5 5.cxd5 d6 6.Nc3 g6 7.Bg2 Bg7 8.Nf3 O-O
9.O-O Re8 10.Nd2 a6 11.a4 Nbd7 12.h3 Rb8 13.Nc4 Ne5 14.Na3 Bd7 15.e4 b5
16.axb5 Bxb5 17.Ncxb5 axb5 18.f4 Ned7 19.Re1 c4 20.Nc2 Nc5 21.Nb4 Nfxe4
22.Bxe4 Rxe4 23.Rxe4 Nxe4 24.Ra6 Qf6 25.Kg2 c3 26.b3 Nc5 {#R} 0-1

[Event "Cup European Club (final)"]
[Site "masterchessopen.com - Neum (Bosnia & Herzegovina)"]
[Round "5"]
[White "Spielmann Alain (FRA)"]
[Black "Boric Muhamed (BIH)"]
[Result "0-1"]
[WhiteElo "2275"]
[BlackElo "2398"]

1.d4 Nf6 2.Nf3 c5 3.d5 e6 4.c4 exd5 5.cxd5 d6 6.Nc3 g6 7.g3 Bg7 8.Bg2 O-O
9.O-O Re8 10.Nd2 a6 11.a4 Nbd7 12.Nc4 Nb6 13.Na3 Bd7 14.Bf4 Qc7 15.Rc1 Nh5
16.Bd2 f5 17.b3 Nc8 18.b4 cxb4 19.Na2 Qa5 20.Bxb4 Qxa4 21.Qd3 a5 22.Bd2 b5
23.Rc7 b4 24.Nc4 Bb5 25.Nc1 Nf6 26.Nb3 Nd7 27.f4 Qa2 28.e4 a4 29.Nc1 Qa1
30.Ne2 fxe4 31.Bxe4 Qf6 32.Bxb4 Qe7 33.Bf3 Qd8 34.Rc6 Ndb6 35.Nd4 Bxc4 36.Rxc4
Nxc4 37.Qxc4 Qb6 38.Bc3 Qc5 39.Qd3 Nb6 40.Kh1 Qc4 {#R} 0-1

[Event "It (open)"]
[Site "masterchessopen.com - Patras (Greece)"]
[Round "0"]
[White "Mastrovasilis Athanasios (GRE)"]
[Black "Bagaturov Giorgi (GEO)"]
[Result "0-1"]
[WhiteElo "2372"]
[BlackElo "2501"]

1.d4 Nf6 2.c4 e6 3.g3 c5 4.d5 exd5 5.cxd5 d6 6.Nc3 g6 7.Bg2 Bg7 8.Nf3 O-O
9.O-O a6 10.a4 Re8 11.Nd2 Nbd7 12.Nc4 Nb6 13.Na3 Bd7 14.Qb3 Rb8 15.a5 Nc8
16.Nc4 Qc7 17.Bf4 Nh5 18.Be3 b5 19.axb6 Nxb6 20.Nxb6 Rxb6 21.Qa3 f5 22.Rab1
Reb8 23.Nd1 Rb3 24.Qa2 a5 25.Rc1 Bxb2 26.Nxb2 Rxb2 27.Qa1 Qb6 28.Bf3 Nf6
29.Rcd1 Ne8 30.Bd2 a4 31.Bc3 Rb3 32.e4 Qb5 33.Rfe1 Rxc3 34.Qxc3 Qb3 35.Rc1
Qxc3 36.Rxc3 fxe4 37.Bxe4 Nf6 38.Bd3 Kf7 39.Bc4 Rb4 40.Kg2 Bf5 41.f3 Nd7 42.g4
Nb6 43.Ba6 Nxd5 44.Rcc1 Nf4+ 45.Kh1 Bd3 46.Bc8 Be2 {#R} 0-1

[Event "Ch Georgia (1 Liga)"]
[Site "masterchessopen.com - Tbilisi (Georgia)"]
[Round "1"]
[White "Kamadadze Zviad (GEO)"]
[Black "Aroshidze Levan (GEO)"]
[Result "1-0"]
[WhiteElo "2238"]
[BlackElo "2332"]

1.d4 Nf6 2.c4 c5 3.d5 e6 4.Nc3 exd5 5.cxd5 d6 6.Nf3 g6 7.g3 Bg7 8.Bg2 O-O
9.O-O a6 10.a4 Nbd7 11.Nd2 Re8 12.h3 Rb8 13.Nc4 Ne5 14.Na3 Nh5 15.e4 Bd7 16.f4
Nxg3 17.fxe5 Bxe5 18.Rf3 b5 19.axb5 axb5 20.Nc2 Qh4 21.Ne2 Nxe4 22.Ra7 Rbd8
23.Ne3 Ng5 24.Qf1 Nxf3+ 25.Qxf3 Qf6 26.Qxf6 Bxf6 27.Kf2 Re7 28.Ra6 Bh4+ 29.Kf3
Bc8 30.Rb6 Rb7 31.Rc6 h5 32.Bd2 Ra7 33.Nc3 Bd7 34.Rxd6 Bg4+ 35.hxg4 Rxd6
36.Ne4 Rd8 37.gxh5 Be7 38.hxg6 fxg6 39.Bh3 c4 40.Be6+ Kh7 41.Bc3 Ra6 42.Be5
Ra2 43.Ng4 b4 44.d6 Bxd6 45.Ng5# 1-0

[Event "It (open)"]
[Site "masterchessopen.com - Basel (Switzerland)"]
[Round "3"]
[White "Habibi Ali (GER)"]
[Black "Allemann Anton (SUI)"]
[Result "1-0"]
[WhiteElo "2264"]
[BlackElo "2190"]

1.Nf3 g6 2.d4 Bg7 3.c4 c5 4.Nc3 Nf6 5.g3 O-O 6.d5 a6 7.a4 d6 8.Bg2 e6 9.O-O
exd5 10.cxd5 Re8 11.Nd2 Nbd7 12.e4 Ne5 13.Qc2 Qc7 14.f4 Ned7 15.a5 b5 16.axb6
Nxb6 17.h3 Bd7 18.Kh2 Bb5 19.Rd1 c4 20.Nf3 Nfd7 21.Nd4 Bxd4 22.Rxd4 Nc5 23.Ra3
Qe7 24.Rd1 Nd3 25.Be3 Nd7 26.Bd4 N7c5 27.Qb1 Rab8 28.Rf1 Bd7 29.Ra2 f5 30.e5
Nb3 31.Ba7 Rb7 32.Be3 dxe5 33.d6 Qxd6 34.Bxb7 exf4 35.Rxa6 fxg3+ 36.Kg2 Qe5
37.Bd5+ Kh8 38.Bg5 Be6 39.Rxe6 Rxe6 40.Bxc4 Rd6 41.Qa2 Na5 42.Bxd3 Rxd3 43.Qf7
{#r} 1-0

[Event "It (open)"]
[Site "masterchessopen.com - Bergen (Norway)"]
[Round "1"]
[White "Olsson Linus (SWE)"]
[Black "Brynell Stellan (SWE)"]
[Result "0-1"]
[WhiteElo "2252"]
[BlackElo "2506"]

1.d4 e6 2.c4 Nf6 3.g3 c5 4.d5 exd5 5.cxd5 d6 6.Nc3 g6 7.Bg2 Bg7 8.Nf3 O-O
9.O-O Re8 10.Nd2 a6 11.a4 Nbd7 12.h3 Rb8 13.Nc4 Nb6 14.Na3 Bd7 15.Re1 Qc7
16.e4 Nxa4 17.Nxa4 b5 18.Nxc5 Qxc5 19.Be3 Qc8 20.Rc1 Qb7 21.Bf4 Qb6 22.Be3 Qd8
23.Bf4 Bc8 24.Rc6 Bf8 25.Nc2 Bb7 26.Rc3 Bg7 27.Nd4 Nxd5 28.exd5 Rxe1+ 29.Qxe1
Bxd4 30.Rc2 Qf6 31.Rc7 g5 32.Bc1 Kg7 33.Kh2 Bxf2 34.Qe2 Rc8 35.Qg4 Rxc7
36.Bxg5 Qg6 37.Be4 Rc4 38.Bf6+ Kg8 {#R} 0-1

[Event "Ch American Continent"]
[Site "masterchessopen.com - Cali (Colombia)"]
[Round "3"]
[White "Araque Rafael (COL)"]
[Black "Morovic Fernandez Ivan (CRO)"]
[Result "0-1"]
[WhiteElo "2388"]
[BlackElo "2553"]

1.d4 Nf6 2.g3 c5 3.d5 e6 4.c4 exd5 5.cxd5 d6 6.Nc3 g6 7.Nf3 Bg7 8.Bg2 O-O
9.O-O Re8 10.Nd2 a6 11.a4 Nbd7 12.h3 Rb8 13.a5 b5 14.axb6 Nxb6 15.e4 Nfd7
16.Qc2 Ne5 17.f4 Nec4 18.Nf3 f5 19.b3 fxe4 20.Ng5 Na4 21.Ngxe4 Rxe4 22.Nxe4
Bxa1 23.bxc4 Bd4+ 24.Kh2 Bf5 25.g4 Bxe4 26.Bxe4 Nc3 {#R} 0-1

[Event "It (open)"]
[Site "masterchessopen.com - Dubai (United Arab Emirates)"]
[Round "9"]
[White "Safin Shukhrat (UZB)"]
[Black "Kotsur Pavel (KAZ)"]
[Result "0-1"]
[WhiteElo "2538"]
[BlackElo "2572"]

1.d4 Nf6 2.c4 e6 3.Nf3 c5 4.d5 exd5 5.cxd5 d6 6.Nc3 g6 7.g3 Bg7 8.Bg2 O-O
9.O-O a6 10.a4 Re8 11.Nd2 Nbd7 12.h3 Rb8 13.Nc4 Ne5 14.Na3 Bd7 15.f4 Nh5
16.Kh2 b5 17.axb5 axb5 18.Ne4 b4 19.Nxd6 bxa3 20.Rxa3 Ba4 21.Nxf7 Bxd1 22.Nxd8
Bxe2 23.Re1 Nc4 {#R} 0-1

[Event "Ch Moscow Region"]
[Site "masterchessopen.com - Dubna (Russia)"]
[Round "8"]
[White "Sidorychev Nikolai (RUS)"]
[Black "Jarkow W W (RUS)"]
[Result "1-0"]
[WhiteElo "2136"]
[BlackElo "2155"]

1.d4 Nf6 2.c4 c5 3.d5 e6 4.Nc3 exd5 5.cxd5 d6 6.Nf3 g6 7.g3 Bg7 8.Bg2 O-O
9.O-O a6 10.a4 Re8 11.Nd2 Nbd7 12.Nc4 Ne5 13.Na3 Nh5 14.h3 f5 15.e4 b6 16.Re1
Rf8 17.f4 Nxg3 18.fxe5 Bxe5 19.Nc4 Bd4+ 20.Be3 f4 21.Bxd4 cxd4 22.Ne2 Qh4
23.Nd2 Bxh3 24.Nf3 Qg4 25.Nxg3 Bxg2 26.Kxg2 Qxg3+ 27.Kh1 Qh3+ 28.Kg1 Rac8
29.Rf1 g5 30.Rf2 Rc7 31.Rh2 Qc8 32.Nxg5 Rg7 33.Qh5 Qd8 34.Rg2 Qf6 35.Nxh7
Rxg2+ 36.Kxg2 Qg7+ 37.Ng5 d3 38.Rg1 d2 39.Rd1 b5 40.Rxd2 bxa4 41.Kg1 a3 42.Rg2
axb2 43.Ne6 Qxg2+ 44.Kxg2 f3+ 45.Kf2 Rf7 {#r} 1-0

[Event "Ch England (team) 2000/01"]
[Site "masterchessopen.com - England"]
[Round "5"]
[White "Baburin Alexander (IRL)"]
[Black "Cobb James (WLS)"]
[Result "1-0"]
[WhiteElo "2566"]
[BlackElo "2335"]

1.d4 Nf6 2.c4 g6 3.Nf3 Bg7 4.g3 c5 5.d5 O-O 6.Nc3 d6 7.Bg2 e6 8.O-O exd5
9.cxd5 Re8 10.Nd2 a6 11.a4 Nbd7 12.Qc2 Rb8 13.a5 b5 14.axb6 Nxb6 15.e4 Ng4
16.h3 Ne5 17.Nd1 f5 18.Ne3 Qf6 19.f4 Nf7 20.Kh2 Na8 21.Rb1 Qd4 22.Ndc4 fxe4
23.Rd1 Qf6 24.Bxe4 Nc7 25.Bd2 Nb5 26.b4 Nd4 27.Qd3 Ng5 28.Bg2 Ngf3+ 29.Kh1 g5
30.bxc5 Rxb1 31.Rxb1 gxf4 32.Nxd6 fxe3 33.Nxe8 Qf5 34.Qxf5 Bxf5 35.Bxe3 Bxb1
36.Nxg7 Kxg7 37.c6 Kf7 38.d6 Ke6 39.c7 Kd7 40.Bxd4 Nxd4 41.Bb7 {#r} 1-0

[Event "It (open)"]
[Site "masterchessopen.com - Feffernitz (Austria)"]
[Round "9"]
[White "Kock Hans-Uwe (LIE)"]
[Black "Polansek Justin (AUT)"]
[Result "1-0"]
[WhiteElo "2161"]
[BlackElo "2055"]

1.d4 Nf6 2.c4 c5 3.d5 e6 4.Nc3 exd5 5.cxd5 d6 6.Nf3 g6 7.g3 Bg7 8.Bg2 O-O
9.O-O a6 10.a4 Re8 11.Nd2 Nbd7 12.h3 Qc7 13.Nc4 Nb6 14.Na3 Rb8 15.e4 Nfd7
16.Bd2 Ne5 17.b3 f5 18.a5 Na8 19.Nc4 Nd3 20.exf5 Bxf5 21.g4 Bd7 22.Ne4 Nb2
23.Nxb2 Bxb2 24.Rb1 Bg7 25.Qc2 Bb5 26.Rfe1 Rf8 27.Bc3 Bxc3 28.Qxc3 Qf7 29.Qg3
Rbd8 30.Ng5 Qc7 31.Ne6 Qxa5 32.Nxf8 Kxf8 33.Qh4 Rd7 34.Qf6+ Rf7 {#r} 1-0